000 00699nam a2200205 4500
001 81232
003 BD-RjUL
005 20231224154355.0
008 230215s1405 u ||||| |||| 00| 0 ara d
035 _a(BD-RjUL)81232
040 _aBD-RjUL
_beng
_cBD-RjUL
041 _aara
082 _223
_a297.12209
_bSUT 1405
100 _aSubhani, Sheikh Jaafar السبحاني, الشيخ جعفر
_96998
245 1 4 _aالتوحيد والشرك في القران الكريم altawhid walshirk fi alquran alkarim /
_cSheikh Jaafar Al-Sobhani لشيخ جعفر السبحاني
300 _a219.p. ;
_c23 cm
650 _aTawhid
_vIslam
_96999
650 _aShirk
_vIslam
_97000
942 _2ddc
_cBK
999 _c81232
_d81232